000 01364cam a22003977a 4500
001 37165
005 20230410143536.0
008 061226s2004 mx a b 000 0 spa d
035 _a14681075
925 0 _aacquire
_b1 shelf copies
_xpolicy default
010 _a 2006506909
020 _a9703208053 (Obra completa-UNAM)
020 _a9703208002 (UNAM)
020 _a9706518282 (Obra completa-Oceano)
020 _a9706518401 (Oceano)
035 _a(OCoLC)ocm54807516
035 _a(OCoLC)54807516
042 _alccopycat
043 _an-mx---
050 1 4 _aT 24
_bC822t 2004
082 0 4 _a330.97207
100 1 _aCorona Treviño, Leonel.
245 1 3 _aLa tecnología, siglos XVI al XX /
_cLeonel Corona Treviño; coordinador Enrique Semo.
260 _aMéxico :
_bUniversidad Nacional Autónoma de México - UNAM :
_bOcéano,
_c2004.
300 _a259 p. :
_bill. ;
_c21 cm.
440 0 _aHistoria económica de México ;
_v12
504 _aIncludes bibliographical references (p. 239-257).
650 0 _aTechnology
_zMexico
_xHistory.
650 0 _aTechnological innovations
_zMexico.
651 0 _aMexico
_xEconomic conditions.
650 4 _aTecnología
_xHistoria
_zMéxico.
650 4 _aInnovaciones tecnológicas
_zMéxico.
651 4 _aMéxico
_xCondiciones económicas.
700 1 _aSemo, Enrique,
_ecoord.
942 _2lcc
_cbk
999 _c103564
_d103564